| 000 | 00577nam a2200181 i 4500 | ||
|---|---|---|---|
| 001 | 100095 | ||
| 003 | ES-MaACL | ||
| 005 | 20250915063044.0 | ||
| 007 | t| | ||
| 008 | 050921s1960 sp ||||1| spa d | ||
| 100 | 1 |
_aMartínez Val, José María, _d1916- _978455 |
|
| 245 | 1 | 3 |
_aLa recepción del finalismo en el Derecho Penal alemán / _cJosé María Martínez Val. |
| 260 |
_aCiudad Real : _b[s.n.], _c1960 ( _fAlpha) |
||
| 300 |
_a8 p. ; _c24 cm. |
||
| 500 | _aSeparata del Foro Manchego. nº. 10-11. | ||
| 852 |
_aES-MaACL _j2027-F-11 _bR.47394 |
||
| 999 |
_c100095 _d100095 |
||